000 01088nam a2200229Ia 4500
999 _c41755
_d41755
001 8436
003 GE_BSU
005 20200228135526.0
008 181216s1938 xx |||||||||||||| ||geo||
040 _cGE_BSU
041 _ageo
080 _a821.353.1-1+821.353.1-11 ვ–20
100 _aვაჟა-ფშაველა
_95768
245 _aრჩეული ლექსები და პოემები /
_cვაჟა-ფშაველა ; პ/მგ. რედ. კ. ჭანტურიშვილი.
264 _aთბილისი :
_bახალგაზრდობის ლიტგამომცემლობა,
_c1938.
300 _a150 გვ.:
_c22 სმ.
440 _aსასკოლო ბიბლიოთეკა
_97624
653 _aრჩეული ლექსები და პოემები.
653 _aქართული ლიტერატურა
700 _aჭანტურიშვილი, კ
_eპასუხისმგებელი რედაქტორი
_94662
942 _cBK
_2udc